| 000 | 00522nam a2200193Ia 4500 | ||
|---|---|---|---|
| 008 | 131103s9999 xx 000 0 und d | ||
| 020 |
_a81 7384 271 10 _cRs.150.00 |
||
| 040 | _aLoreto College | ||
| 041 | _aEnglish | ||
| 082 |
_a330/SAM _bLCBkB/279 |
||
| 100 | _aSamanta, Radhashyam | ||
| 245 |
_aMacroecoeconomics _cRadhashyam Samanta |
||
| 260 |
_aKolkata _bSribhumi _c2004 |
||
| 300 |
_a309p. _c 21cm. |
||
| 504 | _aIncludes bibliography | ||
| 650 | _aMacroecoeconomics | ||
| 850 | _aLCBkB/330/SAM | ||
| 942 | _cBK | ||
| 999 |
_c35030 _d85509 |
||